000 00413 a2200145 4500
005 20250505111225.0
020 _a0-458-98680-1
082 _a658. 3 CRO
100 _aCROCKER, O. L.
245 _aExperiential Exercises in Canadian Personnel Administration
260 _aLondon,
_bMethuen,
_c1986.
300 _a528p.: ill.; figure, table.
_bBibliography, index.
_c28cm.
700 _aMEISNER, B.
942 _2ddc
_cBKS
999 _c1907
_d1907